LEADER 04143nam 22008052 450 001 9910457923703321 005 20151005020620.0 010 $a1-107-14723-9 010 $a1-280-47777-6 010 $a0-511-19517-6 010 $a0-511-19583-4 010 $a0-511-19376-9 010 $a0-511-32712-9 010 $a0-511-51023-3 010 $a0-511-19450-1 035 $a(CKB)1000000000353379 035 $a(EBL)259880 035 $a(OCoLC)171138748 035 $a(SSID)ssj0000158098 035 $a(PQKBManifestationID)11182089 035 $a(PQKBTitleCode)TC0000158098 035 $a(PQKBWorkID)10140358 035 $a(PQKB)10307703 035 $a(UkCbUP)CR9780511510236 035 $a(MiAaPQ)EBC259880 035 $a(Au-PeEL)EBL259880 035 $a(CaPaEBR)ebr10130370 035 $a(CaONFJC)MIL47777 035 $a(OCoLC)560223790 035 $a(EXLCZ)991000000000353379 100 $a20090312d2004|||| uy| 0 101 0 $aeng 135 $aur||||||||||| 181 $ctxt$2rdacontent 182 $cc$2rdamedia 183 $acr$2rdacarrier 200 10$aFree market democracy and the Chilean and Mexican countryside /$fMarcus J. Kurtz$b[electronic resource] 210 1$aCambridge :$cCambridge University Press,$d2004. 215 $a1 online resource (ix, 253 pages) $cdigital, PDF file(s) 300 $aTitle from publisher's bibliographic system (viewed on 05 Oct 2015). 311 $a0-521-53474-7 311 $a0-521-82737-X 320 $aIncludes bibliographical references (p. 227-247) and index. 327 $aPart 1 : The framework and theoretical argument. Posing the right questions -- The sectoral foundations of free market democracy -- Part 2 : The cases. Neoliberalism and the transformation of rural society in Chile -- Social capital, organization, political participation, and democratic competition in Chile -- The consolidation of free market democracy and Chilean electoral competition, 1988-2000 -- Markets and democratization in Mexico : rural politics between corporatism and neoliberalism -- Part 3 : Conclusions and implications. Political competitiveness, organized interests, and the democratic market. 330 $aThis book examines the relationship between free markets and democracy. It demonstrates how the implementation of even very painful free-market economic reforms in Chile and Mexico have helped to consolidate democratic politics without engendering a backlash against either reform or democratization. This national-level compatibility between free markets and democracy, however, is founded on their rural incompatibility. In the countryside, free-market reforms socially isolate peasants to such a degree that they become unable to organize independently, and are vulnerable to the pressures of local economic elites. This helps to create an electoral coalition behind free-market reforms that is critically based in some of the market's biggest victims: the peasantry. The book concludes that the comparatively stable free-market democracy in Latin America hinges critically on its defects in the countryside; conservative, free-market elites may consent to open politics only if they have a rural electoral redoubt. 517 3 $aFree Market Democracy & the Chilean & Mexican Countryside 606 $aDemocracy$zChile 606 $aDemocracy$zMexico 606 $aFree enterprise$zChile 606 $aFree enterprise$zMexico 606 $aRural population$zChile 606 $aRural population$zMexico 606 $aPolitical participation$zChile 606 $aPolitical participation$zMexico 615 0$aDemocracy 615 0$aDemocracy 615 0$aFree enterprise 615 0$aFree enterprise 615 0$aRural population 615 0$aRural population 615 0$aPolitical participation 615 0$aPolitical participation 676 $a320.972 700 $aKurtz$b Marcus J.$01032127 801 0$bUkCbUP 801 1$bUkCbUP 906 $aBOOK 912 $a9910457923703321 996 $aFree market democracy and the Chilean and Mexican countryside$92475448 997 $aUNINA LEADER 03286nam 2200505 450 001 9910819550303321 005 20171025092228.0 010 $a1-78533-719-X 024 7 $a10.1515/9781785337192 035 $a(CKB)3790000000540738 035 $a(MiAaPQ)EBC5191391 035 $a(DE-B1597)637105 035 $a(DE-B1597)9781785337192 035 $a(EXLCZ)993790000000540738 100 $a20180116h20182018 uy 0 101 0 $aeng 135 $aurcnu|||||||| 181 $2rdacontent 182 $2rdamedia 183 $2rdacarrier 200 00$aAffective states $eentanglements, suspensions, suspicions /$fedited by Mateusz Laszczkowski and Madeleine Reeves 210 1$aNew York, [New York] ;$aOxford, [England] :$cBerghahn Books,$d2018. 210 4$dİ2018 215 $a1 online resource (148 pages) 225 0 $aStudies in Social Analysis ;$vVolume 5 311 $a1-78533-718-1 311 $a1-78533-717-3 327 $aAffective states : entanglements, suspensions, suspicions / Mateusz Laszczkowski and Madeleine Reeves -- Negotiating uncertainty : neo-liberal statecraft in contemporary Peru / Annabel Pinker and Penny Harvey -- The fines and the spies : fears of state surveillance in Eritrea and in the diaspora / David Bozzini -- "Recognize the spie" : transparency and political power in Uzbek cyberspace / Sarah Kendzior -- Moral subjectivity and affective deficit in the transitional state : on claiming land in South Africa / Christiaan Beyers -- "Father Mao" and the country-family : mixed feelings for fathers, officials, and leaders in China / Hans Steinmuller -- The turn of the offended : clientelism in the wake of El Salvador's 2009 elections / Ainhoa Montoya -- Living from the nerves : deportability, indeterminacy, and the "feel of law" in migrant Moscow / Madeleine Reeves. 330 $aIn recent years, political and social theory has been transformed by the heterogeneous approaches to feeling and emotion jointly referred to as ?affect theory?. These range from psychological and social-constructivist approaches to emotion to feminist and post-human perspectives. Covering a wide spectrum of topics and ethnographic contexts?from engineering in the Andes to household rituals in rural China, from South African land restitution to migrant living in Moscow, and from elections in El Salvador to online and offline surveillance among political refugees from Uzbekistan and Eritrea?the chapters in this volume interrogate this ?affective turn? through the lens of fine-grained ethnographies of the state. The volume enhances the anthropological understanding of the various ways through which the state comes to be experienced as a visceral presence in social life. 606 $aPolitical anthropology$vCase studies 606 $aState, The$vCase studies 606 $aAffect (Psychology)$xPolitical aspects$vCase studies 615 0$aPolitical anthropology 615 0$aState, The 615 0$aAffect (Psychology)$xPolitical aspects 676 $a306.2 702 $aLaszczkowski$b Mateusz 702 $aReeves$b Madeleine 801 0$bMiAaPQ 801 1$bMiAaPQ 801 2$bMiAaPQ 906 $aBOOK 912 $a9910819550303321 996 $aAffective states$94061607 997 $aUNINA